[Event "Klatovy op-A 24th"]
[Site "Klatovy"]
[Date "2018.07.03"]
[Round "4"]
[White "Kantor, Jozef"]
[Black "Danek, Vaclav"]
[Result "1-0"]
[WhiteElo "1813"]
[BlackElo "1885"]
[PlyCount "67"]
[EventDate "2018.06.30"]
[EventType "swiss"]
[EventRounds "9"]
[EventCountry "CZE"]
[SourceTitle "CBM 185 Extra"]
[Source "ChessBase"]
[SourceDate "2018.07.29"]
[SourceVersion "1"]
[SourceVersionDate "2018.07.29"]
[SourceQuality "1"]

1. e4 e5 2. Nf3 Nc6 3. d4 exd4 4. Nxd4 Bc5 5. c3 Qf6 6. Be3 Nge7 7. Na3 a6 8. Nac2 0-0 9. Be2 d5 10. Nxc6 Qxc6 11. e5 Bxe3 12. Nxe3 Be6 13. Qd4 Nf5 14. Nxf5 Bxf5 15. 0-0 Rad8 16. Rad1 Qe6 17. Rfe1 c6 18. Bf1 Qe7 19. b4 Qc7 20. Re3 Rde8 21. Rde1 b5 22. g4 Be4 23. f3 Bg6 24. h4 h5 25. g5 Bf5 26. Bd3 Qc8 27. f4 Bxd3 28. Rxd3 Qg4+ 29. Kf2 Qxh4+ 30. Rg3 f6 31. gxf6 Qh2+ 32. Kf3 Rxf6 33. Rxg7+ Kf8 34. Qc5+ 1-0

[Event "Klatovy op-A 24th"]
[Site "Klatovy"]
[Date "2018.06.30"]
[Round "1"]
[White "Danek, Vaclav"]
[Black "Simet, Martin"]
[Result "0-1"]
[WhiteElo "1885"]
[BlackElo "2182"]
[PlyCount "32"]
[EventDate "2018.06.30"]
[EventType "swiss"]
[EventRounds "9"]
[EventCountry "CZE"]
[SourceTitle "CBM 185 Extra"]
[Source "ChessBase"]
[SourceDate "2018.07.29"]
[SourceVersion "1"]
[SourceVersionDate "2018.07.29"]
[SourceQuality "1"]

1. e4 c5 2. c4 g6 3. Nc3 Bg7 4. g3 d6 5. Bg2 Nc6 6. Nge2 Ne5 7. d3 Bg4 8. 0-0 Nf3+ 9. Kh1 h5 10. Qc2 h4 11. Ng1 Nd4 12. Qa4+ Kf8 13. h3 hxg3 14. fxg3 Qc8 15. Kh2 Nf6 16. Be3 Bd7 0-1

[Event "Klatovy op-A 23rd"]
[Site "Klatovy"]
[Date "2017.07.04"]
[Round "4"]
[White "Kusa, Jakub"]
[Black "Danek, Vaclav"]
[Result "1-0"]
[WhiteElo "1828"]
[BlackElo "1953"]
[PlyCount "93"]
[EventDate "2017.07.01"]
[EventType "swiss"]
[EventRounds "9"]
[EventCountry "CZE"]
[SourceTitle "EXT 2018"]
[Source "ChessBase"]
[SourceDate "2017.10.13"]
[SourceVersion "1"]
[SourceVersionDate "2017.10.13"]
[SourceQuality "1"]

1. e4 e5 2. Nf3 Nc6 3. Bb5 a6 4. Ba4 Nf6 5. 0-0 b5 6. Bb3 Be7 7. Re1 d6 8. c3 0-0 9. h3 Na5 10. Bc2 c5 11. d4 cxd4 12. cxd4 Bb7 13. d5 Bc8 14. Nbd2 Ne8 15. Nf1 g6 16. Bh6 Ng7 17. Ng3 Nc4 18. b3 Nb6 19. a4 bxa4 20. bxa4 a5 21. Rb1 Nd7 22. Nh2 Nc5 23. f4 Bh4 24. Qf3 Bd7 25. f5 f6 26. Qg4 Bg5 27. Bxg7 Kxg7 28. h4 Bh6 29. h5 g5 30. Qd1 Rb8 31. Ng4 Rb4 32. Qd2 Qb6 33. Kh2 Rb8 34. Ra1 Nxa4 35. Reb1 Nc5 36. Qd1 Qc7 37. Rxb4 Rxb4 38. Rc1 Qb6 39. Nf1 Be8 40. Nfe3 Bxh5 41. Qf3 Kh8 42. Qh3 Bxg4 43. Qxh6 Nd7 44. Ba4 Qd8 45. Bxd7 Qxd7 46. Qxf6+ Kg8 47. Nxg4 1-0

[Event "Klatovy op 22nd"]
[Site "Klatovy"]
[Date "2016.07.05"]
[Round "4"]
[White "Barrish, Daniel"]
[Black "Danek, Vaclav"]
[Result "1-0"]
[WhiteElo "2183"]
[BlackElo "1921"]
[PlyCount "73"]
[EventDate "2016.07.02"]
[EventType "swiss"]
[EventRounds "9"]
[EventCountry "CZE"]
[SourceTitle "CBM 173 Extra"]
[Source "ChessBase"]
[SourceDate "2016.08.29"]
[SourceVersion "1"]
[SourceVersionDate "2016.08.29"]
[SourceQuality "1"]

1. d4 c5 2. d5 e5 3. e4 d6 4. Bb5+ Nd7 5. a4 Ngf6 6. Nc3 Be7 7. Nf3 a6 8. Be2 b6 9. 0-0 0-0 10. Nd2 Ne8 11. Nc4 Bg5 12. Rb1 Rb8 13. b4 g6 14. bxc5 bxc5 15. Rxb8 Nxb8 16. a5 Nd7 17. Na4 Bxc1 18. Qxc1 f5 19. f3 Ndf6 20. Qe3 Bd7 21. Nab6 Bb5 22. Na3 Bxe2 23. Qxe2 Nc7 24. Nbc4 Nb5 25. Nxb5 axb5 26. Nb6 b4 27. exf5 gxf5 28. Qb5 Rf7 29. a6 Ne8 30. Ra1 Ra7 31. Qc6 Nc7 32. Nc4 Ne8 33. Ra5 Nc7 34. Qb6 Qa8 35. Qxd6 Qxd5 36. Qxd5+ Nxd5 37. Rxc5 1-0

[Event "Klatovy op 22nd"]
[Site "Klatovy"]
[Date "2016.07.04"]
[Round "3"]
[White "Parizek, Vojtech"]
[Black "Danek, Vaclav"]
[Result "0-1"]
[WhiteElo "2104"]
[BlackElo "1921"]
[PlyCount "92"]
[EventDate "2016.07.02"]
[EventType "swiss"]
[EventRounds "9"]
[EventCountry "CZE"]
[SourceTitle "CBM 173 Extra"]
[Source "ChessBase"]
[SourceDate "2016.08.29"]
[SourceVersion "1"]
[SourceVersionDate "2016.08.29"]
[SourceQuality "1"]

1. e4 e5 2. Nf3 Nc6 3. Bb5 a6 4. Ba4 Nf6 5. 0-0 Be7 6. Re1 b5 7. Bb3 d6 8. c3 0-0 9. h3 Na5 10. Bc2 c5 11. d4 cxd4 12. cxd4 Bb7 13. Nbd2 Nc6 14. d5 Nb8 15. Nf1 Ne8 16. g4 Nd7 17. Ng3 Kh8 18. Be3 Ndf6 19. Qd2 Bc8 20. Ng5 Ng8 21. Nf3 g6 22. a4 bxa4 23. Bxa4 Bd7 24. Qe2 Ng7 25. Bxd7 Qxd7 26. Nh2 a5 27. f3 Bh4 28. Bf2 a4 29. Ra3 Bg5 30. Rea1 f5 31. b3 h5 32. bxa4 Nf6 33. Ngf1 fxe4 34. fxe4 Ra5 35. h4 Bf4 36. g5 Ng4 37. Nxg4 hxg4 38. Be1 Raa8 39. Nh2 g3 40. Bxg3 Bxg3 41. Rxg3 Rxa4 42. Rxa4 Qxa4 43. Rf3 Rc8 44. Ng4 Nh5 45. Re3 Rc1+ 46. Kf2 Rc2 0-1

[Event "Klatovy op-A"]
[Site "Klatovy"]
[Date "2013.07.05"]
[Round "7"]
[White "Danek, Vaclav"]
[Black "Svec, Ludek"]
[Result "1/2-1/2"]
[WhiteElo "1970"]
[BlackElo "1767"]
[PlyCount "80"]
[EventDate "2013.06.29"]
[EventType "swiss"]
[EventRounds "9"]
[EventCountry "CZE"]
[SourceTitle "EXT 2014"]
[Source "ChessBase"]
[SourceDate "2013.11.20"]
[SourceVersion "1"]
[SourceVersionDate "2013.11.20"]
[SourceQuality "1"]

1. Nf3 Nf6 2. g3 c5 3. Bg2 g6 4. 0-0 Bg7 5. d3 Nc6 6. e4 0-0 7. c3 d5 8. e5 Ne8 9. d4 cxd4 10. cxd4 Qb6 11. Nc3 Nc7 12. h3 a5 13. b3 Be6 14. Na4 Qa7 15. Ba3 b6 16. Bb2 Bh6 17. Re1 Bd7 18. Nc3 e6 19. Bf1 Nb4 20. a3 Nba6 21. Nh2 f5 22. exf6 Bg5 23. Ng4 Bxf6 24. Nxf6+ Rxf6 25. Bc1 Nb8 26. Bg5 Rf7 27. Ne2 Nc6 28. h4 Nb5 29. Bg2 Nd6 30. Nf4 Rxf4 31. Bxf4 Nf5 32. h5 b5 33. hxg6 hxg6 34. Rc1 Qxd4 35. Qg4 Qf6 36. Rc5 b4 37. axb4 axb4 38. Bg5 Qd4 39. Qxd4 Nfxd4 40. Bf6 Nxb3 1/2-1/2

[Event "Klatovy op-A"]
[Site "Klatovy"]
[Date "2013.07.03"]
[Round "5"]
[White "Danek, Vaclav"]
[Black "Malek, Martin"]
[Result "0-1"]
[WhiteElo "1970"]
[BlackElo "2045"]
[PlyCount "104"]
[EventDate "2013.06.29"]
[EventType "swiss"]
[EventRounds "9"]
[EventCountry "CZE"]
[SourceTitle "EXT 2014"]
[Source "ChessBase"]
[SourceDate "2013.11.20"]
[SourceVersion "1"]
[SourceVersionDate "2013.11.20"]
[SourceQuality "1"]

1. d4 g6 2. g3 Bg7 3. Bg2 f5 4. c3 Nf6 5. Nd2 c6 6. e4 fxe4 7. Nxe4 Nxe4 8. Bxe4 0-0 9. Qc2 d5 10. Bd3 e5 11. dxe5 Bxe5 12. Bh6 Bg7 13. Bxg7 Kxg7 14. 0-0-0 Nd7 15. f4 Nc5 16. Nf3 Bg4 17. Rhf1 Qa5 18. Qf2 Nxd3+ 19. Rxd3 Bf5 20. Qd4+ Kg8 21. a3 Bxd3 22. Qxd3 Rae8 23. Nd4 c5 24. Nb3 c4 25. Nxa5 cxd3 26. Rf2 Re3 27. Nb3 g5 28. Nd4 gxf4 29. gxf4 Rf6 30. Kd2 Rh3 31. f5 Rfh6 32. Nf3 R6h5 33. Kxd3 Rxf5 34. Ke2 Kf8 35. b4 Ke7 36. a4 Kd6 37. a5 Rh6 38. b5 Rhf6 39. Rf1 d4 40. cxd4 Kd5 41. Ke3 Rxf3+ 42. Rxf3 Rxf3+ 43. Kxf3 Kxd4 44. Kf4 Kc4 45. Kg5 Kxb5 46. Kh6 Kxa5 47. Kxh7 b5 48. h4 b4 49. h5 b3 50. h6 b2 51. Kg8 b1Q 52. h7 Qb8+ 0-1

[Event "CZE-chT2a 0607"]
[Site "Czech Republic"]
[Date "2007.04.15"]
[Round "11.7"]
[White "Danek, Vaclav"]
[Black "Brezovsky, Milan"]
[Result "1-0"]
[WhiteElo "1993"]
[BlackElo "2140"]
[PlyCount "93"]
[EventDate "2006.10.15"]
[EventType "team"]
[EventRounds "11"]
[EventCountry "CZE"]
[SourceTitle "EXT 2009"]
[Source "ChessBase"]
[SourceDate "2008.11.26"]
[SourceVersion "1"]
[SourceVersionDate "2008.11.26"]
[SourceQuality "1"]
[WhiteTeam "Plzen Loko"]
[BlackTeam "Praha Praga II"]
[WhiteTeamCountry "CZE"]
[BlackTeamCountry "CZE"]

1. b4 d5 2. Bb2 e6 3. b5 a6 4. a4 Nf6 5. e3 c5 6. c4 Be7 7. Nf3 0-0 8. Be2 Nbd7 9. d3 Qc7 10. 0-0 Rd8 11. Nbd2 a5 12. Qc2 b6 13. Rac1 Bb7 14. e4 dxe4 15. dxe4 Bd6 16. Qc3 e5 17. Bd3 Re8 18. Nh4 Rad8 19. Nf5 Bf8 20. Ne3 g6 21. Nd5 Nxd5 22. cxd5 f6 23. Nc4 Bd6 24. Rcd1 Rf8 25. Bc2 Rf7 26. g4 g5 27. Ne3 h5 28. gxh5 Rh7 29. Rd2 Kf7 30. Bd1 Rdh8 31. Bg4 Nf8 32. Rc2 Bc8 33. f3 Bd7 34. Nc4 Kg7 35. Rg2 Be8 36. f4 Bxh5 37. Bxh5 Rxh5 38. fxe5 fxe5 39. Nxd6 Qxd6 40. Qxe5+ Qxe5 41. Bxe5+ Kg6 42. Bxh8 Rxh8 43. e5 Nd7 44. e6 Ne5 45. Re2 Nc4 46. e7 Kg7 47. e8Q 1-0

[Event "CZE-chT2a 0607"]
[Site "Czech Republic"]
[Date "2007.01.14"]
[Round "6.8"]
[White "Danek, Vaclav"]
[Black "Zalsky, Petr"]
[Result "1-0"]
[WhiteElo "1993"]
[BlackElo "2034"]
[PlyCount "77"]
[EventDate "2006.10.15"]
[EventType "team"]
[EventRounds "11"]
[EventCountry "CZE"]
[SourceTitle "EXT 2009"]
[Source "ChessBase"]
[SourceDate "2008.11.26"]
[SourceVersion "1"]
[SourceVersionDate "2008.11.26"]
[SourceQuality "1"]
[WhiteTeam "Plzen Loko"]
[BlackTeam "Praha Praga"]
[WhiteTeamCountry "CZE"]
[BlackTeamCountry "CZE"]

1. b4 e5 2. Bb2 d6 3. Nf3 Bg4 4. d3 Nd7 5. Nbd2 f5 6. g3 Be7 7. Bg2 c6 8. 0-0 Bf6 9. c4 Ne7 10. e4 Qb6 11. Rb1 Qc7 12. h3 fxe4 13. Nxe4 Bxf3 14. Qxf3 0-0 15. Qg4 Nc8 16. Qe6+ Kh8 17. h4 Rd8 18. Qf5 Ne7 19. Qe6 Nc8 20. Bh3 Nf8 21. Qf5 Ne7 22. Qf3 Ng8 23. d4 Qe7 24. Rfe1 Re8 25. d5 cxd5 26. cxd5 Nd7 27. Rbc1 Rac8 28. Qd3 Rxc1 29. Rxc1 Nf8 30. a4 Qd8 31. Qb5 Qb8 32. Nxd6 Re7 33. Ne4 Rc7 34. Rxc7 Qxc7 35. Qc5 Qd8 36. d6 Nh6 37. Qc7 Qe8 38. d7 Nxd7 39. Qxd7 1-0